000 00464nam a2200169Ia 4500
008 230917s9999||||xx |||||||||||||| ||und||
020 _cRS525
040 _e224038
_aMAIN
041 _aEnglish
082 _a624.257 R137P
100 _aRaju, N Krishna
245 0 _aPrestressed concrete bridges
260 _aNew Delhi
_bCBS Publishers & Distributors
_c2014
300 _axvii, 363 p.
500 _a1932 05/02/2015 HBD6293 18/02/2015 Main Budget
942 _cBK
999 _c14431
_d14431